[Event "RLP-ch Seniors 26th"]
[Site "Ludwigshafen"]
[Date "2007.07.18"]
[Round "4"]
[White "Schowalter, Gerd"]
[Black "Kersch, Peter"]
[Result "1-0"]
[WhiteElo "1975"]
[BlackElo "1613"]
[PlyCount "147"]
[EventDate "2007.07.15"]
[EventType "swiss"]
[EventRounds "7"]
[EventCountry "GER"]
[SourceTitle "EXT 2009"]
[Source "ChessBase"]
[SourceDate "2008.11.26"]
[SourceVersion "1"]
[SourceVersionDate "2008.11.26"]
[SourceQuality "1"]

1. e4 c5 2. c3 d5 3. exd5 Qxd5 4. Nf3 Nc6 5. Na3 a6 6. Bc4 Qd8 7. 0-0 e6 8. Re1 Be7 9. b3 Nf6 10. Nc2 b5 11. Bf1 0-0 12. d4 cxd4 13. Ncxd4 Nxd4 14. Nxd4 Qc7 15. Bb2 Rd8 16. Qe2 Bb7 17. Rac1 Bc5 18. h3 Qb6 19. b4 Bxd4 20. cxd4 Nd5 21. Qg4 Rac8 22. Rc5 Qd6 23. Rec1 Qf8 24. a3 g6 25. Bd3 Qe7 26. h4 Qf6 27. Be4 Rxc5 28. bxc5 Qe7 29. Qg3 Qd7 30. h5 Bc6 31. hxg6 hxg6 32. Rd1 Qe8 33. Bc1 Kg7 34. Rd3 Ne7 35. Qe5+ f6 36. Qxe6 Bxe4 37. Qxe4 Qd7 38. Rh3 Rh8 39. Rxh8 Kxh8 40. Qh4+ Kg7 41. Qh6+ Kf7 42. Qh7+ Ke6 43. Qh3+ f5 44. Qe3+ Kf7 45. Bb2 Qe6 46. Qd2 Qb3 47. g3 Qd5 48. Qe3 Qe6 49. Kf1 Qd5 50. Ke2 Qc4+ 51. Qd3 Qe6+ 52. Kd2 Qd5 53. Kc2 Qe6 54. Bc3 Qa2+ 55. Bb2 Qd5 56. Qb3 Ke6 57. Qxd5+ Kxd5 58. Kd3 Nc8 59. Bc1 Na7 60. f3 Nc6 61. Bb2 Ne7 62. Ke3 Nc6 63. g4 fxg4 64. fxg4 a5 65. Kf4 a4 66. Kg5 Ne7 67. Kf6 Nc6 68. Kxg6 b4 69. axb4 Nxb4 70. Kf5 Nd3 71. Ba3 Kxd4 72. c6 Nc5 73. Bxc5+ Kxc5 74. c7 1-0

[Event "RLP-ch Seniors 26th"]
[Site "Ludwigshafen"]
[Date "2007.07.17"]
[Round "3"]
[White "Paulsen, Eckart"]
[Black "Kersch, Peter"]
[Result "1/2-1/2"]
[WhiteElo "1833"]
[BlackElo "1613"]
[PlyCount "54"]
[EventDate "2007.07.15"]
[EventType "swiss"]
[EventRounds "7"]
[EventCountry "GER"]
[SourceTitle "EXT 2009"]
[Source "ChessBase"]
[SourceDate "2008.11.26"]
[SourceVersion "1"]
[SourceVersionDate "2008.11.26"]
[SourceQuality "1"]

1. d4 Nf6 2. Nf3 g6 3. Nbd2 Bg7 4. e4 d6 5. c3 a6 6. Be2 0-0 7. 0-0 Nc6 8. Qc2 e5 9. d5 Ne7 10. b3 Ne8 11. c4 h6 12. Ba3 f5 13. Bd3 f4 14. c5 g5 15. cxd6 cxd6 16. h3 Ng6 17. Nc4 h5 18. Nh2 g4 19. hxg4 hxg4 20. Nd2 f3 21. gxf3 gxf3 22. Ndxf3 Bh3 23. Rfe1 Nf4 24. Kh1 Bg2+ 25. Kg1 Rf6 26. Nh4 Rg6 27. Nxg6 Qg5 1/2-1/2

[Event "RLP-ch Seniors 26th"]
[Site "Ludwigshafen"]
[Date "2007.07.16"]
[Round "2"]
[White "Kersch, Peter"]
[Black "Breitling, Winfried"]
[Result "1-0"]
[WhiteElo "1613"]
[BlackElo "1779"]
[PlyCount "129"]
[EventDate "2007.07.15"]
[EventType "swiss"]
[EventRounds "7"]
[EventCountry "GER"]
[SourceTitle "EXT 2009"]
[Source "ChessBase"]
[SourceDate "2008.11.26"]
[SourceVersion "1"]
[SourceVersionDate "2008.11.26"]
[SourceQuality "1"]

1. e4 d6 2. Nf3 Bg4 3. g3 Nf6 4. d3 Nc6 5. c3 e5 6. Bg2 Qd7 7. 0-0 Be7 8. Nbd2 h6 9. b4 a6 10. a4 0-0 11. Re1 Nh5 12. Nf1 Bg5 13. Ne3 Bxe3 14. Bxe3 Kh7 15. Qc2 Bh3 16. Qe2 Qg4 17. Bxh3 Qxh3 18. Nh4 Nf6 19. f3 Ne7 20. d4 g5 21. Ng2 Nd7 22. b5 Ng6 23. Reb1 f5 24. bxa6 bxa6 25. Rb7 fxe4 26. fxe4 c6 27. Rab1 Qe6 28. R1b6 Rf7 29. Rxc6 exd4 30. Bxd4 Nge5 31. Bxe5 Qxe5 32. Rcc7 Qe6 33. Qd3 Raf8 34. Ne3 Ne5 35. Rxf7+ Rxf7 36. Rxf7+ Nxf7 37. Nc4 Kg8 38. Nd2 Qa2 39. Nc4 Qxa4 40. Nxd6 Qd7 41. e5 Nxe5 42. Qxa6 Qc7 43. Qc8+ Qxc8 44. Nxc8 Nc4 45. Kf1 Kf7 46. Ke2 Ke6 47. Na7 Kd5 48. Nb5 Kc5 49. Nd4 Ne5 50. Nf3 Ng4 51. h3 Nf6 52. Kd3 Nh5 53. h4 Nxg3 54. hxg5 h5 55. Nh4 Kd5 56. c4+ Ke5 57. g6 Kf6 58. c5 Nf1 59. c6 Nh2 60. c7 Ng4 61. c8Q Ne5+ 62. Ke2 Kg5 63. Qf5+ Kxh4 64. Qxe5 Kh3 65. Qxh5+ 1-0